000 01137nam0a22002891 4500
001 rc\2707200
005 20230523112544.0
035 _a(NLR Aleph) 006835154
090 _a6586748
_c6586748
100 _a20110915d1934 |||y0rusy50 ca
101 0 _arus
102 _aRU
105 _ae z |||||
200 1 _aИстория Древнего Востока
_eКраткий курс
_fВ. В. Струве
_gПодготовлен к печати М. Черемных, Т. Шумовским
_gПредисл. А. Мишулина
210 _aМосква
_cСоцэкгиз
_d1934
_g"Образцовая" тип.
215 _aПереплет, 128, [3] с.
_d22х15 см.
700 1 _aСтруве
_bВ. В.
_f1889-1965
_gВасилий Васильевич
702 1 _aЧеремных
_bМ.
_4340
702 1 _aШумовский
_bТ.
_4340
702 1 _aМишулин
_bА. В.
_f1901-1948
_gАлександр Васильевич
_3RU\NLR\AUTH\770257956
_4340
801 0 _aRU
_bNLR
_gpsbo
801 1 _aRU
_bELAR
_2rusmarc
852 _aNLR
_j34-3/1206
852 _aNLR
_jКрI-7284
942 _cBOOK
980 _aNB